<?xml version="1.0" encoding="UTF-8"?><?xml-stylesheet type="text/xsl" href="static/style.xsl"?><OAI-PMH xmlns="http://www.openarchives.org/OAI/2.0/" xmlns:xsi="http://www.w3.org/2001/XMLSchema-instance" xsi:schemaLocation="http://www.openarchives.org/OAI/2.0/ http://www.openarchives.org/OAI/2.0/OAI-PMH.xsd"><responseDate>2026-04-13T02:50:03Z</responseDate><request verb="GetRecord" identifier="oai:www.recercat.cat:10256/1851" metadataPrefix="marc">https://recercat.cat/oai/request</request><GetRecord><record><header><identifier>oai:recercat.cat:10256/1851</identifier><datestamp>2024-11-19T08:46:30Z</datestamp><setSpec>com_2072_452955</setSpec><setSpec>com_2072_2054</setSpec><setSpec>col_2072_453066</setSpec></header><metadata><record xmlns="http://www.loc.gov/MARC21/slim" xmlns:dcterms="http://purl.org/dc/terms/" xmlns:xsi="http://www.w3.org/2001/XMLSchema-instance" xmlns:doc="http://www.lyncode.com/xoai" xsi:schemaLocation="http://www.loc.gov/MARC21/slim http://www.loc.gov/standards/marcxml/schema/MARC21slim.xsd">
   <leader>00925njm 22002777a 4500</leader>
   <datafield ind2=" " ind1=" " tag="042">
      <subfield code="a">dc</subfield>
   </datafield>
   <datafield ind2=" " ind1=" " tag="720">
      <subfield code="a">Varga, Diego</subfield>
      <subfield code="e">author</subfield>
   </datafield>
   <datafield ind2=" " ind1=" " tag="720">
      <subfield code="a">Vila Subirós, Josep</subfield>
      <subfield code="e">author</subfield>
   </datafield>
   <datafield ind2=" " ind1=" " tag="260">
      <subfield code="c">2006</subfield>
   </datafield>
   <datafield ind2=" " ind1=" " tag="520">
      <subfield code="a">Grup de Recerca Medi Ambient i Tecnologies de la Informació Geogràfica</subfield>
   </datafield>
   <datafield ind2=" " ind1=" " tag="520">
      <subfield code="a">Este artículo es una aproximación a los métodos utilizados para analizar, cuantificar y valorar los cambios en los usos y cubiertas del suelo en estos dos valles que forman parte del espacio natural protegido de la Alta Garrotxa. La dinámica vivida en este territorio es un claro ejemplo de los procesos acaecidos a lo largo del siglo XX en buena parte de las áreas de montaña mediterránea. Una dinámica caracterizada fundamentalmente&#xd;
por un incremento de la superficie forestal en detrimento del espacio agrario. Así mismo se proponen pautas metodológicas para su adecuada cartografía, así como para determinar las áreas potencialmente recuperables de espacio agrario con el objetivo de mantener la diversidad paisajística, biológica y el patrimonio cultural con la ayuda de los SIG y la Ecología del Paisaje</subfield>
   </datafield>
   <datafield ind2=" " ind1=" " tag="520">
      <subfield code="a">This article is an approach to methods used to identify, quantify and verify the land use and cover changes in these two valleys, which are part of the protected natural area of the Alta Garrotxa. Past dynamic in this territory is a good example of the processes happened along the XX century in a large part of Mediterranean mountain areas. These events are characterized fundamentally by an increment of the forest surface in detriment of the agrarian areas. Furthermore this article proposes methodological rules for an appropriate cartography, as well as of the recovered agrarian areas with the objective of maintaining the biological and landscape diversity</subfield>
   </datafield>
   <datafield ind1="8" ind2=" " tag="024">
      <subfield code="a">http://hdl.handle.net/10256/1851</subfield>
   </datafield>
   <datafield tag="653" ind2=" " ind1=" ">
      <subfield code="a">Ecologia del paisatge -- Catalunya -- Alta Garrotxa</subfield>
   </datafield>
   <datafield tag="653" ind2=" " ind1=" ">
      <subfield code="a">Landscape ecology -- Catalonia -- Alta Garrotxa</subfield>
   </datafield>
   <datafield tag="653" ind2=" " ind1=" ">
      <subfield code="a">Sistemes d'informació geogràfica</subfield>
   </datafield>
   <datafield tag="653" ind2=" " ind1=" ">
      <subfield code="a">Geographic information systems</subfield>
   </datafield>
   <datafield tag="653" ind2=" " ind1=" ">
      <subfield code="a">Alta Garrotxa (Catalunya) -- Condicions mediambientals</subfield>
   </datafield>
   <datafield tag="653" ind2=" " ind1=" ">
      <subfield code="a">Alta Garrotxa (Catalonia) -- Environmental conditions</subfield>
   </datafield>
   <datafield tag="653" ind2=" " ind1=" ">
      <subfield code="a">Paisatge -- Modificacions -- Catalunya -- Alta Garrotxa</subfield>
   </datafield>
   <datafield tag="653" ind2=" " ind1=" ">
      <subfield code="a">Landscape changes -- Catalonia -- Alta Garrotxa</subfield>
   </datafield>
   <datafield ind2="0" ind1="0" tag="245">
      <subfield code="a">Ecología del paisaje y sistemas de información geográfica ante el cambio socioambiental en las áreas de la montaña mediterránea. Una aproximación metodológica al caso de los valles d'Hortmoier y Sant Aniol</subfield>
   </datafield>
</record></metadata></record></GetRecord></OAI-PMH>